000 01061nam a2200265Ia 4500
003 OSt
005 20220923211124.0
006 a|||||r|||| 00| 0
007 ta
008 220922b |||||||| |||| 00| 0 hin d
020 _a8181436830 (hbk)
_c250
024 _a241,435
037 _b480, 26/02/2010, Vani Prakashan
_cTextual
040 _aARTS
_cARTS
_bhin
041 _2hin
_ahin
082 _aO152,3:g, P7
100 _aयोहन्नान, सी. एम.
_9158463
245 0 _aकहानी साहित्य का तुलनात्मक अध्ययन
_b यशपाल और केशवदेव
246 _aKahānī sāhitya kā tulanātmak adhyayana: yashapāl aur keshavadeva
260 _aनयी दिल्ली
_b वाणी प्रकाशन
_c2007
300 _a210पृ.
_ccm.
650 _aहिन्दी साहित्य
_9156264
942 _hO152,3:g, P7
_cTEXL
_2CC
999 _c295577
_d295577